Efemérides entre el niño y la historia: sinfonía en cuatro movimientos / Perla Zelmanovich (Registro nro. 7371)
[ vista simple ]
| 000 -LEADER | |
|---|---|
| fixed length control field | 00569nam a22002051a 4500 |
| 001 - CONTROL NUMBER | |
| control field | 7371 |
| 003 - CONTROL NUMBER IDENTIFIER | |
| control field | OSt |
| 005 - DATE AND TIME OF LATEST TRANSACTION | |
| control field | 20260204212128.0 |
| 008 - FIXED-LENGTH DATA ELEMENTS--GENERAL INFORMATION | |
| fixed length control field | 071023s2005||||ag ||||||b||||||||||spa|| |
| 020 ## - NUMERO DE LIBRO INTERNACIONAL NORMALIZADO | |
| International Standard Book Number | 9501261069 |
| 050 ## - LIBRARY OF CONGRESS CALL NUMBER | |
| Classification number | 370.82 Z38e |
| 100 ## - ASIENTO PRINCIPAL -- NOMBRE PERSONAL | |
| Personal name | Zelmanovich, Perla |
| 245 ## - TÍTULO PROPIAMENTE DICHO: SUBTÍTULO | |
| Title | Efemérides entre el niño y la historia: sinfonía en cuatro movimientos / Perla Zelmanovich |
| 250 ## - MENCIÓN DE EDICIÓN | |
| Edition statement | 3 |
| 264 ## - PRODUCTION, PUBLICATION, DISTRIBUTION, MANUFACTURE, AND COPYRIGHT NOTICE | |
| Place of production, publication, distribution, manufacture | Argentina : Paidós Educador |
| 300 ## - PHYSICAL DESCRIPTION | |
| Extensión | 191 p |
| 500 ## - GENERAL NOTE | |
| General note | Incluye bibiografía |
| 650 ## - ASIENTO SECUNDARIO DE MATERIA -- TERMINO TEMÁTICO | |
| Termino Temático Como Elemento de Entrada | Educación - Argentina 2.EfeméridesÌ |
| 942 ## - ADDED ENTRY ELEMENTS (KOHA) | |
| Source of classification or shelving scheme | Dewey Decimal Classification |
| Koha item type | Libros |
| Withdrawn status | Lost status | Source of classification or shelving scheme | Damaged status | Not for loan | Current library | Date acquired | Total Checkouts | Full call number | Barcode | Date last seen | Price effective from | Koha item type |
|---|---|---|---|---|---|---|---|---|---|---|---|---|
| Dewey Decimal Classification | Biblioteca UTECO | 09/09/2019 | 370.82 Z38E | 013511 | 09/09/2019 | 09/09/2019 | Libros |
